Sports Quiz

Random Sports or Baseball Quiz

MLB Franchise Top 10: Los Angeles Dodgers Quiz Stats

 Plays Quiz not verified by Sporcle

Also try: 1-15 NFL Teams
Challenge
Share
Tweet
Embed
Score 0/60 Timer 10:00
0 Plays Today
Hint Answer % Correct
WinsSandy Koufax
95.6%
StrikeoutsSandy Koufax
95.6%
HitsDuke Snider
93.4%
Home RunsDuke Snider
93.4%
WinsDon Drysdale
92.2%
StrikeoutsDon Drysdale
92.2%
ERAClayton Kershaw
90.6%
StrikeoutsClayton Kershaw
90.6%
HitsPee Wee Reese
89.3%
HitsSteve Garvey
87.8%
Home RunsSteve Garvey
87.8%
WinsDon Sutton
86.5%
StrikeoutsDon Sutton
86.5%
Home RunsRoy Campanella
85.3%
HitsGil Hodges
83.1%
Home RunsGil Hodges
83.1%
Batting AverageMike Piazza
82.4%
Home RunsMike Piazza
82.4%
Home RunsRon Cey
81.8%
WinsFernando Valenzuela
80.3%
StrikeoutsFernando Valenzuela
80.3%
WinsClayton Kershaw
78.4%
Home RunsMatt Kemp
74.9%
StrikeoutsOrel Hershiser
74.9%
Home RunsEric Karros
73.4%
Batting AverageZack Wheat
71.5%
HitsZack Wheat
71.5%
HitsWillie Davis
64.9%
HitsBill Russell
62.1%
Home RunsPedro Guerrero
55.5%
Hint Answer % Correct
HitsCarl Furillo
54.9%
Home RunsCarl Furillo
54.9%
HitsMaury Wills
53.6%
WinsDazzy Vance
48.3%
StrikeoutsDazzy Vance
48.3%
ERAZack Greinke
47%
HitsJim Gilliam
41.1%
Batting AverageBabe Herman
39.8%
StrikeoutsBob Welch
39.5%
StrikeoutsRamon Martinez
38.6%
WinsClaude Osteen
35.1%
WinsJohnny Podres
34.2%
StrikeoutsJohnny Podres
34.2%
Batting AverageFielder Jones
33.2%
ERAAndy Messersmith
29.2%
WinsBurleigh Grimes
27.9%
Batting AverageWillie Keeler
25.7%
ERARon Perranoski
14.1%
Batting AverageJack Fournier
13.5%
Batting AverageManny Mota
12.5%
WinsBrickyard Kennedy
10%
ERAKaiser Wilhelm
8.8%
Batting AverageJoe Kelley
8.2%
ERAJim Brewer
8.2%
ERANap Rucker
5.3%
Batting AverageBabe Phelps
3.8%
ERARube Marquard
3.8%
ERAJeff Pfeffer
3.4%
Batting AverageHarvey Hendrick
2.8%
ERALarry Cheney
2.5%

You're not logged in!

Compare scores with friends on all Sporcle quizzes.
Join for Free
OR
Log In

You Might Also Like...

Show Comments

Extras

Top Quizzes Today


Score Distribution

Your Account Isn't Verified!

In order to create a playlist on Sporcle, you need to verify the email address you used during registration. Go to your Sporcle Settings to finish the process.

Report this User

Report this user for behavior that violates our Community Guidelines.

Details: